[Event "Madrid Alcorcon op 1st"]
[Site "Madrid"]
[Date "2022.12.30"]
[Round "9"]
[White "Gutierrez Diaz, Pablo"]
[Black "Moya Barba, Diego"]
[Result "1-0"]
[WhiteElo "1981"]
[BlackElo "1580"]
[PlyCount "53"]
[EventDate "2022.12.26"]
[EventType "swiss"]
[EventRounds "9"]
[EventCountry "ESP"]
[SourceTitle "CBM 212 Extra"]
[Source "ChessBase"]
[SourceDate "2023.03.31"]
[SourceVersion "1"]
[SourceVersionDate "2023.03.31"]
[SourceQuality "1"]

1. e4 c5 2. Nf3 Nc6 3. d4 cxd4 4. Nxd4 Nf6 5. Nc3 e5 6. Ndb5 d6 7. Bg5 a6 8. Na3 b5 9. Nd5 Be7 10. Bxf6 Bxf6 11. c4 b4 12. Nc2 a5 13. Nce3 Bg5 14. g3 0-0 15. h4 Bxe3 16. fxe3 a4 17. Bd3 Qa5 18. 0-0 Qc5 19. Qh5 Be6 20. Rf2 Ra7 21. Kh2 f5 22. Raf1 Raf7 23. Rxf5 Bxf5 24. exf5 Ne7 25. f6 g6 26. Nxe7+ Rxe7 27. fxe7 1-0

[Event "Madrid Alcorcon op 1st"]
[Site "Madrid"]
[Date "2022.12.29"]
[Round "8"]
[White "Moya Barba, Diego"]
[Black "Moreno Sabroso, Ruben"]
[Result "1-0"]
[WhiteElo "1580"]
[BlackElo "1461"]
[PlyCount "105"]
[EventDate "2022.12.26"]
[EventType "swiss"]
[EventRounds "9"]
[EventCountry "ESP"]
[SourceTitle "CBM 212 Extra"]
[Source "ChessBase"]
[SourceDate "2023.03.31"]
[SourceVersion "1"]
[SourceVersionDate "2023.03.31"]
[SourceQuality "1"]

1. d4 Nf6 2. c4 g6 3. Nc3 Bg7 4. e4 d6 5. Nf3 0-0 6. h3 e5 7. d5 a5 8. Be2 Na6 9. Be3 Bd7 10. g4 c6 11. Nd2 Ne8 12. h4 h6 13. h5 g5 14. Nf1 Nf6 15. f3 Rb8 16. Qd2 Ne8 17. Kf2 c5 18. Ng3 f6 19. Rhb1 Rf7 20. a3 b6 21. Nf5 Bxf5 22. exf5 Rfb7 23. Qe1 Qe7 24. Bd3 Bf8 25. Bd2 Nec7 26. Nb5 Nxb5 27. cxb5 Nc7 28. b4 axb4 29. axb4 Qd7 30. Qe2 Kg7 31. Bc4 Ra8 32. Rxa8 Nxa8 33. Qe4 Nc7 34. bxc5 bxc5 35. b6 Na8 36. Ba5 Qa4 37. Rb5 Qa1 38. Be2 Qd4+ 39. Qxd4 exd4 40. Rb1 Be7 41. Ba6 Rb8 42. b7 Kf8 43. Ke2 Kf7 44. Kd3 Kf8 45. Kc4 Kf7 46. Kb5 Ke8 47. Kc6 Bd8 48. Bxd8 Kxd8 49. bxa8Q Rxa8 50. Bb7 Ra3 51. Kxd6 Ra4 52. Bc6 Rb4 53. Re1 1-0

[Event "Madrid Alcorcon op 1st"]
[Site "Madrid"]
[Date "2022.12.27"]
[Round "4"]
[White "Esmer, Hamza"]
[Black "Moya Barba, Diego"]
[Result "0-1"]
[WhiteElo "1148"]
[BlackElo "1580"]
[PlyCount "96"]
[EventDate "2022.12.26"]
[EventType "swiss"]
[EventRounds "9"]
[EventCountry "ESP"]
[SourceTitle "CBM 212 Extra"]
[Source "ChessBase"]
[SourceDate "2023.03.31"]
[SourceVersion "1"]
[SourceVersionDate "2023.03.31"]
[SourceQuality "1"]

1. e4 c5 2. Nf3 Nc6 3. d4 cxd4 4. Nxd4 Nf6 5. Nc3 e5 6. Nxc6 bxc6 7. Bg5 Bc5 8. Bc4 Qb6 9. 0-0 Qxb2 10. Qf3 Be7 11. Rfc1 Qb4 12. Bb3 0-0 13. Rab1 Qa5 14. Ne2 d6 15. Ng3 Nd5 16. Bxd5 Bxg5 17. Bxc6 Bxc1 18. Bxa8 Qe1+ 19. Nf1 Ba6 20. h3 Qxf1+ 21. Kh2 Bf4+ 22. g3 Bxg3+ 23. Qxg3 Qxb1 24. Bd5 Qxc2 25. Kg2 Bc4 26. Bb7 Qxa2 27. h4 f5 28. h5 fxe4 29. h6 g6 30. Bxe4 Bd5 31. Bxd5+ Qxd5+ 32. Kg1 Qf3 33. Qh4 Qxf2+ 34. Qxf2 Rxf2 35. Kxf2 Kf7 36. Ke3 Ke6 37. Ke4 d5+ 38. Ke3 d4+ 39. Ke4 a5 40. Kd3 Kd5 41. Kc2 e4 42. Kd2 d3 43. Ke3 a4 44. Kd2 Kd4 45. Ke1 a3 46. Kd2 a2 47. Kc1 a1Q+ 48. Kd2 e3# 0-1

[Event "Madrid Alcorcon op 1st"]
[Site "Madrid"]
[Date "2022.12.26"]
[Round "2"]
[White "Haering Hijon, Javier"]
[Black "Moya Barba, Diego"]
[Result "1-0"]
[WhiteElo "2061"]
[BlackElo "1580"]
[PlyCount "85"]
[EventDate "2022.12.26"]
[EventType "swiss"]
[EventRounds "9"]
[EventCountry "ESP"]
[SourceTitle "CBM 212 Extra"]
[Source "ChessBase"]
[SourceDate "2023.03.31"]
[SourceVersion "1"]
[SourceVersionDate "2023.03.31"]
[SourceQuality "1"]

1. e4 c5 2. Nf3 Nc6 3. c4 Nf6 4. Nc3 e6 5. d4 cxd4 6. Nxd4 d6 7. Be2 Be7 8. Be3 0-0 9. 0-0 a6 10. Rc1 Qc7 11. b3 b6 12. Nxc6 Qxc6 13. Bf3 e5 14. Be2 Rb8 15. f3 Bd7 16. Qd2 h6 17. Rfd1 Rfd8 18. Bf1 Bf8 19. Qf2 Qb7 20. a4 Rdc8 21. Kh1 Rc6 22. h3 Ne8 23. Nd5 b5 24. cxb5 axb5 25. a5 Nc7 26. Nxc7 Rxc7 27. Bb6 Rxc1 28. Rxc1 Rc8 29. Qd2 Rxc1 30. Qxc1 Bc6 31. Qe3 Be7 32. Ba7 d5 33. exd5 Bxd5 34. Qb6 Bxf3 35. gxf3 Qxf3+ 36. Bg2 Qd1+ 37. Qg1 Qxb3 38. Bb6 f5 39. Qa1 e4 40. a6 Bf6 41. Qc1 Bg5 42. Qc8+ Kh7 43. Qxf5+ 1-0

[Event "Collado Villalba op 39th"]
[Site "Collado Villalba"]
[Date "2022.08.26"]
[Round "7"]
[White "Moya Barba, Diego"]
[Black "Moreno Uribarri, Miguel"]
[Result "0-1"]
[WhiteElo "1643"]
[BlackElo "1892"]
[PlyCount "33"]
[EventDate "2022.08.20"]
[EventType "swiss"]
[EventRounds "9"]
[EventCountry "ESP"]
[SourceTitle "EXT 2023"]
[Source "ChessBase"]
[SourceDate "2022.10.05"]
[SourceVersion "1"]
[SourceVersionDate "2022.10.05"]
[SourceQuality "1"]

1. d4 Nf6 2. c4 g6 3. Nc3 d5 4. cxd5 Nxd5 5. Bd2 Nb6 6. Bf4 Bg7 7. Nf3 c5 8. e4 cxd4 9. Nb5 Na6 10. Nbxd4 0-0 11. Be5 Bxe5 12. Nxe5 Nb4 13. a3 Qxd4 14. Nxg6 Qxe4+ 15. Be2 Nc2+ 16. Kf1 fxg6 17. Bd3 0-1

[Event "Collado Villalba op 39th"]
[Site "Collado Villalba"]
[Date "2022.08.25"]
[Round "6"]
[White "Perez de las Penas, Jorge Ivan"]
[Black "Moya Barba, Diego"]
[Result "0-1"]
[WhiteElo "1417"]
[BlackElo "1643"]
[PlyCount "64"]
[EventDate "2022.08.20"]
[EventType "swiss"]
[EventRounds "9"]
[EventCountry "ESP"]
[SourceTitle "EXT 2023"]
[Source "ChessBase"]
[SourceDate "2022.10.05"]
[SourceVersion "1"]
[SourceVersionDate "2022.10.05"]
[SourceQuality "1"]

1. c4 f5 2. g3 Nf6 3. Bg2 e6 4. Nc3 Be7 5. Nf3 0-0 6. 0-0 d5 7. cxd5 exd5 8. e3 c6 9. d4 Ne4 10. h4 Nd7 11. Ne2 Bd6 12. a4 Qe7 13. Nf4 Ndf6 14. Nd3 Ng4 15. Nh2 Nxh2 16. Kxh2 Qxh4+ 17. Kg1 Qh6 18. Nf4 Bd7 19. Qe1 a5 20. f3 Bb4 21. Qd1 Nxg3 22. Rf2 Bd6 23. Nh3 g5 24. e4 fxe4 25. Bxg5 Qg6 26. fxe4 Rxf2 27. e5 Rxg2+ 28. Kxg2 Bxh3+ 29. Kxg3 Qxg5+ 30. Kxh3 Kh8 31. exd6 Rg8 32. Qe1 Qg2+ 0-1

[Event "Collado Villalba op 39th"]
[Site "Collado Villalba"]
[Date "2022.08.20"]
[Round "1"]
[White "Orta Vazquez, Mario"]
[Black "Moya Barba, Diego"]
[Result "1-0"]
[WhiteElo "1346"]
[BlackElo "1643"]
[PlyCount "72"]
[EventDate "2022.08.20"]
[EventType "swiss"]
[EventRounds "9"]
[EventCountry "ESP"]
[SourceTitle "EXT 2023"]
[Source "ChessBase"]
[SourceDate "2022.10.05"]
[SourceVersion "1"]
[SourceVersionDate "2022.10.05"]
[SourceQuality "1"]

1. Nf3 d5 2. d4 c5 3. dxc5 e6 4. c3 a5 5. e4 Bxc5 6. Bb5+ Bd7 7. Bxd7+ Qxd7 8. exd5 exd5 9. 0-0 Nc6 10. Re1+ Nge7 11. Bf4 0-0 12. Nbd2 Rad8 13. Qc2 h6 14. Rad1 Ng6 15. Bg3 Qg4 16. Ne5 Ncxe5 17. Bxe5 Nxe5 18. Rxe5 Bd6 19. Ree1 Rfe8 20. Nf3 Qc4 21. b3 Qc7 22. Rxe8+ Rxe8 23. Qd2 Be5 24. Nxe5 Qxe5 25. g3 b6 26. Kf1 Qh5 27. h4 Qf3 28. Kg1 Re2 29. Qf4 Rxf2 30. Qxf3 Rxf3 31. Kg2 Rxc3 32. Rxd5 Rc2+ 33. Kf3 Rc6 34. Rb5 Kf8 35. Ke4 Ke7 36. Kd5 g6 1-0

[Event "Madrid Vicalvaro op"]
[Site "Madrid"]
[Date "2022.05.22"]
[Round "3"]
[White "Alonso Gutierrez, Anastasio"]
[Black "Moya Barba, Diego"]
[Result "1/2-1/2"]
[WhiteElo "1797"]
[BlackElo "1607"]
[PlyCount "48"]
[EventDate "2022.05.08"]
[EventType "swiss"]
[EventRounds "7"]
[EventCountry "ESP"]
[SourceTitle "EXT 2024"]
[Source "ChessBase"]
[SourceDate "2023.10.10"]
[SourceVersion "1"]
[SourceVersionDate "2023.10.10"]
[SourceQuality "1"]

1. e4 c5 2. d4 cxd4 3. c3 d5 4. exd5 Nf6 5. cxd4 Nxd5 6. Nf3 Nc6 7. Nc3 Bg4 8. Be2 e6 9. 0-0 Bd6 10. Nxd5 exd5 11. h3 Bh5 12. Bg5 Qb6 13. Be3 0-0 14. Rb1 Rac8 15. a3 a5 16. Qd2 a4 17. Rbc1 Na5 18. Rxc8 Rxc8 19. Rc1 Rxc1+ 20. Qxc1 Qc6 21. Qxc6 bxc6 22. g4 Bg6 23. Bd1 Nb3 24. Bxb3 axb3 1/2-1/2

[Event "Madrid Vicalvaro op"]
[Site "Madrid"]
[Date "2022.05.14"]
[Round "2"]
[White "Moya Barba, Diego"]
[Black "Marin Lopez, Jeronimo"]
[Result "1/2-1/2"]
[WhiteElo "1607"]
[BlackElo "1911"]
[PlyCount "60"]
[EventDate "2022.05.08"]
[EventType "swiss"]
[EventRounds "7"]
[EventCountry "ESP"]
[SourceTitle "EXT 2024"]
[Source "ChessBase"]
[SourceDate "2023.10.10"]
[SourceVersion "1"]
[SourceVersionDate "2023.10.10"]
[SourceQuality "1"]

1. d4 d6 2. Nf3 g6 3. c4 Bg7 4. e4 Nf6 5. Nc3 0-0 6. h3 Nc6 7. Be3 e5 8. d5 Ne7 9. Bd3 Nh5 10. 0-0 Nf4 11. Qd2 Nxd3 12. Qxd3 f5 13. Bg5 h6 14. Bxe7 Qxe7 15. Rac1 g5 16. exf5 Bxf5 17. Ne4 h5 18. Qe3 g4 19. hxg4 hxg4 20. Qg5 Qf7 21. Nfd2 Bxe4 22. Nxe4 Qf4 23. Qg6 Rf5 24. Rfe1 Raf8 25. g3 Qh6 26. Qxg4 Rh5 27. Kf1 Kh8 28. Ke2 Rh2 29. Rc3 Rh1 30. Rxh1 Qxh1 1/2-1/2

[Event "Madrid-ch Previa-A"]
[Site "Madrid"]
[Date "2022.03.21"]
[Round "7"]
[White "Martin Sanchez, Pablo"]
[Black "Moya Barba, Diego"]
[Result "0-1"]
[WhiteElo "1766"]
[BlackElo "1482"]
[PlyCount "92"]
[EventDate "2022.03.07"]
[EventType "swiss"]
[EventRounds "9"]
[EventCountry "ESP"]
[SourceTitle "EXT 2023"]
[Source "ChessBase"]
[SourceDate "2022.10.05"]
[SourceVersion "1"]
[SourceVersionDate "2022.10.05"]
[SourceQuality "1"]

1. e4 c5 2. Nc3 Nc6 3. f4 e6 4. Nf3 d5 5. e5 Nge7 6. Be2 Ng6 7. d3 Be7 8. 0-0 0-0 9. Qe1 f6 10. exf6 Bxf6 11. Bd1 a6 12. Ne2 b5 13. Ng3 Be7 14. Ne2 Bd6 15. g3 d4 16. Ng5 e5 17. Ne4 Bh3 18. Rf2 h6 19. fxe5 Ncxe5 20. Nf4 Nxf4 21. Bxf4 Re8 22. Bf3 Nxf3+ 23. Rxf3 Bf5 24. Qe2 Bg4 25. Bxd6 Qxd6 26. Raf1 Bxf3 27. Rxf3 Ra7 28. Qf2 Qe7 29. b4 cxb4 30. Qxd4 Rc7 31. Rf2 Qe5 32. Qxb4 Qa1+ 33. Kg2 Qxa2 34. c3 Qd5 35. Rf3 Rf7 36. Rxf7 Qxf7 37. Qd6 Qa2+ 38. Nf2 Rf8 39. Qd4 a5 40. c4 b4 41. Qd5+ Kh8 42. Qc5 Qxf2+ 43. Qxf2 Rxf2+ 44. Kxf2 b3 45. c5 b2 46. c6 b1Q 0-1

[Event "Madrid-ch Previa-A"]
[Site "Madrid"]
[Date "2022.03.08"]
[Round "2"]
[White "Moya Barba, Diego"]
[Black "Marcos Herrero, Francisco"]
[Result "1/2-1/2"]
[WhiteElo "1482"]
[BlackElo "1897"]
[PlyCount "45"]
[EventDate "2022.03.07"]
[EventType "swiss"]
[EventRounds "9"]
[EventCountry "ESP"]
[SourceTitle "EXT 2023"]
[Source "ChessBase"]
[SourceDate "2022.10.05"]
[SourceVersion "1"]
[SourceVersionDate "2022.10.05"]
[SourceQuality "1"]

1. Nf3 Nf6 2. e3 c5 3. c4 g6 4. Nc3 Bg7 5. d4 0-0 6. Be2 cxd4 7. exd4 d5 8. h3 Nc6 9. Be3 Bf5 10. 0-0 Rc8 11. b3 Ne4 12. Nxd5 e6 13. Nf4 Nc3 14. Qd2 Nxe2+ 15. Nxe2 e5 16. Rac1 e4 17. Ne1 h5 18. Nc2 Kh7 19. Nb4 Bd7 20. Nxc6 bxc6 21. Nc3 f5 22. Bg5 Qc7 23. Ne2 1/2-1/2

[Event "Collado Villalba op 38th"]
[Site "Collado Villalba"]
[Date "2021.08.29"]
[Round "9"]
[White "Moya Barba, Diego"]
[Black "Serrano Ruiz, Miguel"]
[Result "0-1"]
[WhiteElo "1357"]
[BlackElo "1675"]
[PlyCount "46"]
[EventDate "2021.08.21"]
[EventType "swiss"]
[EventRounds "9"]
[EventCountry "ESP"]
[SourceTitle "EXT 2022"]
[Source "ChessBase"]
[SourceDate "2021.10.06"]
[SourceVersion "1"]
[SourceVersionDate "2021.10.06"]
[SourceQuality "1"]

1. e4 c5 2. Nf3 d6 3. d4 Nf6 4. Nc3 cxd4 5. Nxd4 g6 6. Be2 Bg7 7. Be3 0-0 8. f3 Nc6 9. Qd2 d5 10. Nxc6 bxc6 11. e5 Nd7 12. f4 e6 13. Na4 Nxe5 14. Nc5 Nd7 15. c3 Qe7 16. b4 a5 17. Rb1 axb4 18. cxb4 Ra3 19. Rb3 Rxb3 20. Nxb3 e5 21. Bc5 Nxc5 22. Nxc5 exf4 23. 0-0 Re8 0-1

[Event "Collado Villalba op 38th"]
[Site "Collado Villalba"]
[Date "2021.08.27"]
[Round "7"]
[White "Moya Barba, Diego"]
[Black "Fernandez Garcia, Ignacio"]
[Result "0-1"]
[WhiteElo "1357"]
[BlackElo "1821"]
[PlyCount "118"]
[EventDate "2021.08.21"]
[EventType "swiss"]
[EventRounds "9"]
[EventCountry "ESP"]
[SourceTitle "CBM 204 Extra"]
[Source "ChessBase"]
[SourceDate "2021.11.30"]
[SourceVersion "1"]
[SourceVersionDate "2021.11.30"]
[SourceQuality "1"]

1. c4 e5 2. g3 Nf6 3. Nc3 Nc6 4. Bg2 d6 5. e3 Be7 6. Nge2 0-0 7. 0-0 Be6 8. Nd5 Bxd5 9. cxd5 Nb8 10. b3 Nbd7 11. Bb2 Nb6 12. Nc3 Re8 13. e4 c6 14. dxc6 bxc6 15. Bh3 d5 16. d3 Bd6 17. Qe2 Qe7 18. a3 Rad8 19. Kh1 a5 20. Qc2 Rb8 21. Nd1 c5 22. Ne3 g6 23. f3 Qb7 24. Rab1 Qe7 25. Ra1 d4 26. Nc4 Nxc4 27. bxc4 a4 28. Bc1 Rb3 29. Bd2 Reb8 30. Rfb1 Qb7 31. Rd1 Kg7 32. Bc1 h6 33. Rd2 Bc7 34. Re2 Ba5 35. Bd2 Bc3 36. Ra2 Rb1+ 37. Kg2 Qb3 38. Bc1 Kf8 39. Bxh6+ Ke7 40. Bc1 Ne8 41. f4 exf4 42. gxf4 Qxc2 43. Rexc2 R8b3 44. Kf3 Nd6 45. f5 gxf5 46. Bxf5 Nxc4 47. h4 Ne5+ 48. Ke2 c4 49. Bg5+ f6 50. Rxc3 dxc3 51. Be3 cxd3+ 52. Kf2 R3b2+ 53. Rxb2 Rxb2+ 54. Kg3 d2 55. Bc5+ Kf7 56. Bg6+ Kxg6 57. h5+ Kxh5 58. Be3 d1Q 59. Bc1 Qg4# 0-1

[Event "Collado Villalba op 38th"]
[Site "Collado Villalba"]
[Date "2021.08.25"]
[Round "5"]
[White "Moya Barba, Diego"]
[Black "Garcia Varea, Benjamin"]
[Result "1-0"]
[WhiteElo "1357"]
[BlackElo "1551"]
[PlyCount "69"]
[EventDate "2021.08.21"]
[EventType "swiss"]
[EventRounds "9"]
[EventCountry "ESP"]
[SourceTitle "CBM 204 Extra"]
[Source "ChessBase"]
[SourceDate "2021.11.30"]
[SourceVersion "1"]
[SourceVersionDate "2021.11.30"]
[SourceQuality "1"]

1. c4 Nf6 2. Nc3 c6 3. d4 d5 4. Nf3 Bf5 5. cxd5 cxd5 6. Bf4 a6 7. h3 Nc6 8. e3 e6 9. Bd3 Bxd3 10. Qxd3 Bb4 11. 0-0 0-0 12. a3 Bd6 13. Bxd6 Qxd6 14. b4 b5 15. Rfe1 Rac8 16. e4 dxe4 17. Nxe4 Nxe4 18. Rxe4 Rfe8 19. Rae1 Ne7 20. Ne5 Nd5 21. Rh4 h6 22. Qf3 Qe7 23. Rg4 Rc3 24. Qd1 Rxa3 25. Qc1 Rc3 26. Qxh6 Qf6 27. Qd2 Rec8 28. Nd7 Qf5 29. Qh6 Qh7 30. Qg5 R3c4 31. Nc5 Nxb4 32. Re3 f6 33. Qxf6 Nd5 34. Qxe6+ Kh8 35. Qe8+ 1-0

[Event "Madrid-ch U16"]
[Site "Madrid"]
[Date "2021.04.17"]
[Round "1"]
[White "Moya Barba, Diego"]
[Black "Tenorio Garcia, Joel"]
[Result "0-1"]
[WhiteElo "1380"]
[BlackElo "1913"]
[PlyCount "58"]
[EventDate "2021.04.17"]
[EventType "swiss"]
[EventRounds "5"]
[EventCountry "ESP"]
[SourceTitle "EXT 2023"]
[Source "ChessBase"]
[SourceDate "2022.10.05"]
[SourceVersion "1"]
[SourceVersionDate "2022.10.05"]
[SourceQuality "1"]

1. c4 Nf6 2. g3 c6 3. Bg2 d5 4. cxd5 cxd5 5. Nf3 g6 6. 0-0 Bg7 7. Nc3 0-0 8. d4 Nc6 9. Re1 Ne4 10. e3 Nxc3 11. bxc3 Bf5 12. Nd2 Na5 13. e4 dxe4 14. Nxe4 Rc8 15. Bd2 Nc4 16. h3 e5 17. Be3 Nxe3 18. Rxe3 Bxe4 19. Bxe4 exd4 20. Rd3 Qe7 21. Qf3 dxc3 22. Bxb7 Rb8 23. Bd5 c2 24. Rc1 Rb1 25. Qf4 Qe1+ 26. Rxe1 Rxe1+ 27. Kh2 c1Q 28. Bxf7+ Rxf7 29. Qb8+ Bf8 0-1